Partidos políticos de argentina - Estadísticas

Estadísticas generales
  • Esta prueba ha sido intentada 19 veces
  • La puntuación promedio es 9 de 28
Estadísticas de respuestas
Exponente Nombre % Correcto
Javier Milei La Libertad Avanza - LLA
86%
Mauricio Macri Propuesta Republicana - Pro
86%
Raúl Alfonsín Unión Cívica Radical - UCR
86%
Sergio Massa Frente Renovador - FR
71%
Julio Argentino Roca Partido Autonomista Nacional - PAN
64%
Juan Domingo Perón Partido Justicialista - PJ
64%
Máximo Kirchner La Cámpora
43%
Elisa 'Lilita' Carrió Coalición Cívica ARI - CC-ARI
36%
Juan Grabois Frente Patria Grande
36%
Manuela Castañeira Nuevo Movimiento al Socialismo - Nuevo MAS
36%
Álvaro Alsogaray Unión del Centro Democrático - UCeDé
36%
Margarita Stolbizer Generación para un Encuentro Nacional - GEN
29%
Oscar Alende Partido Intransigente - PI
29%
Gabriel Solano Partido Obrero - PO
29%
Axel Kicillof Movimiento Derecho al Futuro - MDF
21%
Nicolás del Caño Partido de los Trabajadores Socialistas - PTS
21%
Miguel Ángel Pichetto Encuentro Republicano Federal - ERF
14%
Carlos 'Chacho' Álvarez Frente Grande
14%
Juan Schiaretti Hacemos por Nuestro País - HACEMOS
14%
Arturo Frondizi Movimiento de Integridad y Desarrollo - MID
14%
Felipe Sapag Movimiento Popular Neuquino - MPN
14%
Lisandro de la Torre Partido Demócrata Progresista - PDP
14%
Juan B. Justo Partido Socialista - PS
14%
José Octavio Bordón Política Abierta para la Integridad Social - PAIS
14%
Ricardo López Murphy Republicanos Unidos - RU
14%
Alberto y Adolfo Rodríguez Saá Compromiso Federal - CF
7%
Facundo Manes Para Adelante
7%
Emilio Monzó Partido del Diálogo
7%
No se encontraron pruebas coincidentes
Distribución de puntuación
Porcentaje de gente con cada puntuación
Porcentaje por número respondido
Historial de tus puntuaciones
No has intentado esta prueba.